[Event "43. Olimpiada Batumi 2018 Femenina"]
[Site "Batumi GEO"]
[Date "2018.10.03"]
[Round "9.4"]
[White "Padmini, Rout"]
[Black "Movileanu, Daniela"]
[Result "1/2-1/2"]
[WhiteElo "2338"]
[BlackElo "2168"]
[PlyCount "99"]
[EventDate "2018.09.24"]
[EventType "team-swiss"]
[EventRounds "11"]
[EventCountry "GEO"]
[SourceTitle "Ajedrez en Madrid"]
[Source "lmi"]
[SourceDate "2018.09.24"]
[WhiteTeam "India"]
[BlackTeam "Italy"]
[WhiteTeamCountry "IND"]
[BlackTeamCountry "ITA"]

1. e4 c5 2. Nf3 g6 3. d4 cxd4 4. Nxd4 Nc6 5. c4 Nf6 6. Nc3 d6 7. f3 Bg7 8. Be3
O-O 9. Qd2 Bd7 10. Be2 Nh5 11. g3 Bxd4 12. Bxd4 Nxd4 13. Qxd4 Nf6 14. g4 Be6
15. h4 Qa5 16. h5 Rac8 17. a3 Qc5 18. Qxc5 Rxc5 19. hxg6 fxg6 20. b3 a6 21. Kd2
Nd7 22. Raf1 g5 23. Nd5 Bxd5 24. exd5 Kg7 25. Rh5 h6 26. Rfh1 Rf6 27. f4 Rxf4
28. Rxh6 Nf6 29. Rh8 Rc7 30. Ra8 e6 31. dxe6 Re4 32. Bf3 Rxe6 33. Rb8 Nd7 34.
Rxb7 Rxb7 35. Bxb7 Nc5 36. Bc8 Re8 37. Bf5 Nxb3+ 38. Kd3 Re5 39. Rb1 Nc5+ 40.
Kd4 Kf6 41. Rb8 Kf7 42. Rd8 Ke7 43. Rg8 a5 44. Rb8 a4 45. Rg8 Kf6 46. Rg6+ Ke7
47. Rg7+ Kf6 48. Rg6+ Ke7 49. Rg7+ Kf6 50. Rg6+ 1/2-1/2

[Event "43. Olimpiada Batumi 2018 Femenina"]
[Site "Batumi GEO"]
[Date "2018.10.03"]
[Round "9.1"]
[White "Tokhirjonova, Gulrukhbegim"]
[Black "Sebag, Marie"]
[Result "1/2-1/2"]
[WhiteElo "2369"]
[BlackElo "2480"]
[PlyCount "87"]
[EventDate "2018.09.24"]
[EventType "team-swiss"]
[EventRounds "11"]
[EventCountry "GEO"]
[SourceTitle "Ajedrez en Madrid"]
[Source "lmi"]
[SourceDate "2018.09.24"]
[WhiteTeam "Uzbekistan"]
[BlackTeam "France"]
[WhiteTeamCountry "UZB"]
[BlackTeamCountry "FRA"]

1. e4 c5 2. Nf3 d6 3. d4 cxd4 4. Nxd4 Nf6 5. Nc3 a6 6. h3 e5 7. Nb3 Be6 8. f4
b5 9. Qf3 Nbd7 10. f5 Bc4 11. Bd3 Rc8 12. a3 h6 13. Be3 Bxd3 14. cxd3 d5 15.
exd5 Nb6 16. Qg3 Bd6 17. O-O Kf8 18. Ne4 Nbxd5 19. Nxd6 Qxd6 20. Rac1 Rxc1 21.
Rxc1 Kg8 22. Rc8+ Kh7 23. Bc5 Qd7 24. Rxh8+ Kxh8 25. Qxe5 Kh7 26. Nd4 a5 27.
Nc2 b4 28. axb4 Qa4 29. Ne3 Nxb4 30. Qd4 Qb5 31. Bxb4 axb4 32. b3 h5 33. Kh1
Kg8 34. Qd6 Qe8 35. Qf4 h4 36. Qf3 Qe5 37. Ng4 Nxg4 38. hxg4 Qe1+ 39. Kh2 Qe5+
40. Kh3 Qc3 41. Qd5 Qc7 42. Qf3 Qc3 43. Qd5 Qc7 44. Qf3 1/2-1/2

[Event "43. Olimpiada Batumi 2018 Femenina"]
[Site "Batumi GEO"]
[Date "2018.10.03"]
[Round "9.2"]
[White "Skripchenko, Almira"]
[Black "Kurbonboeva, Sarvinoz"]
[Result "1/2-1/2"]
[WhiteElo "2414"]
[BlackElo "2202"]
[PlyCount "63"]
[EventDate "2018.09.24"]
[EventType "team-swiss"]
[EventRounds "11"]
[EventCountry "GEO"]
[SourceTitle "Ajedrez en Madrid"]
[Source "lmi"]
[SourceDate "2018.09.24"]
[WhiteTeam "France"]
[BlackTeam "Uzbekistan"]
[WhiteTeamCountry "FRA"]
[BlackTeamCountry "UZB"]

1. e4 c5 2. Nf3 Nc6 3. Bb5 g6 4. O-O Bg7 5. Nc3 Nd4 6. Bc4 d6 7. Nxd4 cxd4 8.
Qf3 Nf6 9. Ne2 Qb6 10. c3 dxc3 11. bxc3 Qc6 12. d3 O-O 13. h3 b6 14. Bg5 Bb7
15. Bb3 Qc7 16. Qe3 b5 17. a4 a6 18. Rfc1 Rfc8 19. Ng3 Qc6 20. Ne2 e6 21. Bh6
Qc5 22. Bxg7 Qxe3 23. fxe3 Kxg7 24. axb5 axb5 25. Rxa8 Rxa8 26. Rb1 Nd7 27. Nd4
Ra5 28. Bc2 Ba6 29. Bd1 Nc5 30. Nc6 Ra3 31. Nb4 Bb7 32. Rc1 1/2-1/2

[Event "43. Olimpiada Batumi 2018 Femenina"]
[Site "Batumi GEO"]
[Date "2018.10.03"]
[Round "9.3"]
[White "Gevorgyan, Irina"]
[Black "Guichard, Pauline"]
[Result "1-0"]
[WhiteElo "2265"]
[BlackElo "2390"]
[PlyCount "67"]
[EventDate "2018.09.24"]
[EventType "team-swiss"]
[EventRounds "11"]
[EventCountry "GEO"]
[SourceTitle "Ajedrez en Madrid"]
[Source "lmi"]
[SourceDate "2018.09.24"]
[WhiteTeam "Uzbekistan"]
[BlackTeam "France"]
[WhiteTeamCountry "UZB"]
[BlackTeamCountry "FRA"]

1. Nf3 d6 2. e4 Nf6 3. Nc3 e5 4. d4 Nbd7 5. Bc4 Be7 6. O-O O-O 7. Re1 a6 8. a4
b6 9. b3 Bb7 10. Bb2 c6 11. Bd3 Re8 12. Ne2 Bf8 13. Ng3 g6 14. h4 Bg7 15. Qd2
exd4 16. Bxd4 c5 17. Bc3 Qe7 18. Rad1 Rad8 19. Ba1 Qf8 20. Bc4 b5 21. axb5 axb5
22. Bxb5 Nxe4 23. Nxe4 Rxe4 24. Rxe4 Bxe4 25. Bxg7 Qxg7 26. Qxd6 Bxc2 27. Qe7
Rb8 28. Rxd7 Qa1+ 29. Kh2 Bxb3 30. Qxc5 Qa5 31. Nd4 Ba2 32. Qe5 Rc8 33. Nc6
Rxc6 34. Qe8+ 1-0

[Event "43. Olimpiada Batumi 2018 Femenina"]
[Site "Batumi GEO"]
[Date "2018.10.03"]
[Round "9.4"]
[White "Milliet, Sophie"]
[Black "Baymuratova, Sevara"]
[Result "1-0"]
[WhiteElo "2389"]
[BlackElo "2124"]
[PlyCount "67"]
[EventDate "2018.09.24"]
[EventType "team-swiss"]
[EventRounds "11"]
[EventCountry "GEO"]
[SourceTitle "Ajedrez en Madrid"]
[Source "lmi"]
[SourceDate "2018.09.24"]
[WhiteTeam "France"]
[BlackTeam "Uzbekistan"]
[WhiteTeamCountry "FRA"]
[BlackTeamCountry "UZB"]

1. e4 c5 2. Nf3 d6 3. d4 cxd4 4. Nxd4 Nf6 5. Nc3 Nc6 6. Bg5 e6 7. Qd2 a6 8.
O-O-O h6 9. Nxc6 bxc6 10. Bf4 Ra7 11. Bxd6 Rd7 12. e5 Bxd6 13. exd6 O-O 14. h4
Ne8 15. Rh3 Rxd6 16. Bd3 e5 17. Re3 Qxh4 18. Rxe5 Be6 19. Qe3 Rd8 20. g3 Qf6
21. f4 Nd6 22. Ne4 Nxe4 23. Qxe4 g6 24. Qxc6 Rc8 25. Qa4 Bg4 26. Rde1 Rc6 27.
Re8 Qd6 28. Rxf8+ Kxf8 29. Qe4 Be6 30. Kb1 Rb6 31. Qe5 Qa3 32. Bc4 Qxg3 33. Rd1
Qf2 34. Qh8+ 1-0

[Event "43. Olimpiada Batumi 2018 Femenina"]
[Site "Batumi GEO"]
[Date "2018.10.03"]
[Round "9.1"]
[White "Khomeriki, Nino"]
[Black "Pham, Le Thao Nguyen"]
[Result "1/2-1/2"]
[WhiteElo "2313"]
[BlackElo "2347"]
[PlyCount "85"]
[EventDate "2018.09.24"]
[EventType "team-swiss"]
[EventRounds "11"]
[EventCountry "GEO"]
[SourceTitle "Ajedrez en Madrid"]
[Source "lmi"]
[SourceDate "2018.09.24"]
[WhiteTeam "Georgia 3"]
[BlackTeam "Vietnam"]
[BlackTeamCountry "VIE"]

1. d4 Nf6 2. c4 e6 3. Nf3 d5 4. Nc3 Bb4 5. Qa4+ Nc6 6. Bg5 h6 7. Bxf6 Qxf6 8.
e3 O-O 9. Be2 Bd7 10. Qb3 dxc4 11. Qxc4 Qg6 12. O-O Bd6 13. Nb5 Rfc8 14. Rac1
Bf8 15. Nc3 Na5 16. Qd3 Qxd3 17. Bxd3 c5 18. d5 exd5 19. Nxd5 Nc6 20. Rfd1 Be6
21. Be4 Rab8 22. a3 Na5 23. Ne5 Rd8 24. f4 Bd6 25. Nc4 Nxc4 26. Rxc4 Kf8 27.
Rc2 b6 28. Rcd2 Bg4 29. Rc1 Be6 30. Bf3 Rbc8 31. Rcd1 Be7 32. g4 g5 33. f5 Bxd5
34. Bxd5 c4 35. a4 c3 36. bxc3 Rxc3 37. Rd3 Rxd3 38. Rxd3 Bf6 39. Kg2 Rc8 40.
Kf3 Ke7 41. h3 Rc2 42. Ke4 Rc5 43. Rb3 1/2-1/2

[Event "43. Olimpiada Batumi 2018 Femenina"]
[Site "Batumi GEO"]
[Date "2018.10.03"]
[Round "9.2"]
[White "Hoang, Thi Bao Tram"]
[Black "Janiashvili, Mariami"]
[Result "1-0"]
[WhiteElo "2323"]
[BlackElo "2081"]
[PlyCount "91"]
[EventDate "2018.09.24"]
[EventType "team-swiss"]
[EventRounds "11"]
[EventCountry "GEO"]
[SourceTitle "Ajedrez en Madrid"]
[Source "lmi"]
[SourceDate "2018.09.24"]
[WhiteTeam "Vietnam"]
[BlackTeam "Georgia 3"]
[WhiteTeamCountry "VIE"]

1. d4 g6 2. c4 Bg7 3. Nc3 d6 4. e4 e5 5. d5 Nd7 6. Be3 Bh6 7. Bxh6 Nxh6 8. h4
a5 9. a3 Ng8 10. h5 Ngf6 11. hxg6 fxg6 12. Be2 Nc5 13. Qc2 a4 14. Rd1 O-O 15.
Bf3 Bg4 16. Bxg4 Nxg4 17. Nh3 Qh4 18. Qe2 Nf6 19. g3 Qg4 20. Qxg4 Nxg4 21. O-O
Rf3 22. Rd2 Nb3 23. Rdd1 Na5 24. Ng5 Rf6 25. c5 Nc4 26. Nb5 Rc8 27. Rc1 Nd2 28.
Rfd1 Nb3 29. cxd6 Nxc1 30. Rxc1 c6 31. Ne6 Rf7 32. dxc6 bxc6 33. Nc3 Nf6 34.
Nxa4 Nd7 35. Nac5 Nxc5 36. Nxc5 Rd8 37. Rd1 Ra7 38. f4 exf4 39. gxf4 Kf7 40. e5
Re7 41. Kf2 Re6 42. Kf3 g5 43. Rh1 Rh8 44. Nxe6 Kxe6 45. Rh6+ Kd7 46. fxg5 1-0

[Event "43. Olimpiada Batumi 2018 Femenina"]
[Site "Batumi GEO"]
[Date "2018.10.03"]
[Round "9.3"]
[White "Koridze, Lile"]
[Black "Nguyen, Thi Mai Hung"]
[Result "0-1"]
[WhiteElo "1931"]
[BlackElo "2244"]
[PlyCount "78"]
[EventDate "2018.09.24"]
[EventType "team-swiss"]
[EventRounds "11"]
[EventCountry "GEO"]
[SourceTitle "Ajedrez en Madrid"]
[Source "lmi"]
[SourceDate "2018.09.24"]
[WhiteTeam "Georgia 3"]
[BlackTeam "Vietnam"]
[BlackTeamCountry "VIE"]

1. d4 d5 2. c4 c6 3. Nf3 Nf6 4. Nc3 e6 5. e3 Nbd7 6. Be2 Bd6 7. O-O O-O 8. b3
Ne4 9. Bb2 f5 10. Bd3 Rf6 11. Ne2 Rh6 12. g3 Ndf6 13. Kg2 Ng4 14. Qe1 Qe8 15.
h4 Qg6 16. Bxe4 fxe4 17. Ng5 Nh2 18. Nf4 Bxf4 19. exf4 Nxf1 20. Qxf1 Rh5 21.
Kh2 h6 22. Nh3 Bd7 23. Ba3 Qg4 24. Bd6 g5 25. Qd1 e5 26. Qxg4 Bxg4 27. Bxe5
gxh4 28. gxh4 Kf7 29. Rg1 Rxh4 30. Rg3 Rxh3+ 31. Rxh3 Bxh3 32. Kxh3 Rg8 33. Kh2
Ke6 34. a4 Kf5 35. a5 Rg4 36. c5 Rxf4 37. Kg2 Rf3 38. b4 Rb3 39. Bb8 a6 0-1

[Event "43. Olimpiada Batumi 2018 Femenina"]
[Site "Batumi GEO"]
[Date "2018.10.03"]
[Round "9.4"]
[White "Bach, Ngoc Thuy Duong"]
[Black "Esadze, Tamari"]
[Result "1-0"]
[WhiteElo "2161"]
[BlackElo "1911"]
[PlyCount "113"]
[EventDate "2018.09.24"]
[EventType "team-swiss"]
[EventRounds "11"]
[EventCountry "GEO"]
[SourceTitle "Ajedrez en Madrid"]
[Source "lmi"]
[SourceDate "2018.09.24"]
[WhiteTeam "Vietnam"]
[BlackTeam "Georgia 3"]
[WhiteTeamCountry "VIE"]

1. d4 Nf6 2. c4 e6 3. Nc3 Bb4 4. Qc2 O-O 5. a3 Bxc3+ 6. Qxc3 b6 7. Bg5 Bb7 8.
e3 h6 9. Bh4 d6 10. f3 Nbd7 11. Bd3 e5 12. Bf5 exd4 13. exd4 Re8+ 14. Kf2 Ng4+
15. Bxg4 Qxh4+ 16. g3 Qe7 17. Bxd7 Qxd7 18. Ne2 Re7 19. Rae1 Rae8 20. Nf4 Qf5
21. Qd3 Qxd3 22. Nxd3 Ba6 23. b3 c5 24. dxc5 bxc5 25. Rxe7 Rxe7 26. Rc1 g5 27.
Rc3 Kg7 28. Ne1 d5 29. Nd3 d4 30. Rc2 Rc7 31. Re2 f6 32. g4 Kf7 33. Kg3 Bc8 34.
h4 a5 35. a4 Bb7 36. hxg5 hxg5 37. f4 gxf4+ 38. Kxf4 Rc6 39. Rh2 Ke6 40. Rh5
Kd6 41. Rd5+ Ke7 42. Nxc5 Ba8 43. Ne4 Rb6 44. Rxa5 Bxe4 45. Kxe4 Rxb3 46. Kxd4
Rg3 47. Rd5 Rxg4+ 48. Kc5 Ke6 49. a5 f5 50. a6 Rg8 51. a7 f4 52. Kb6 f3 53. Rd3
f2 54. Rf3 Ke5 55. Rxf2 Rg6+ 56. Kb5 Rg8 57. Ra2 1-0

[Event "43. Olimpiada Batumi 2018 Femenina"]
[Site "Batumi GEO"]
[Date "2018.10.03"]
[Round "9.1"]
[White "Shvayger, Yuliya"]
[Black "Vega Gutierrez, Sabrina"]
[Result "1/2-1/2"]
[WhiteElo "2375"]
[BlackElo "2404"]
[PlyCount "107"]
[EventDate "2018.09.24"]
[EventType "team-swiss"]
[EventRounds "11"]
[EventCountry "GEO"]
[SourceTitle "Ajedrez en Madrid"]
[Source "lmi"]
[SourceDate "2018.09.24"]
[WhiteTeam "Israel"]
[BlackTeam "Spain"]
[WhiteTeamCountry "ISR"]
[BlackTeamCountry "ESP"]

1. e4 c5 2. Nf3 e6 3. d4 cxd4 4. Nxd4 Nf6 5. Nc3 d6 6. g4 h6 7. h4 Nc6 8. Rg1
d5 9. exd5 Nxd5 10. Nxd5 exd5 11. Be3 Qxh4 12. Qf3 Nxd4 13. Bxd4 Qe7+ 14. Be2
Qe4 15. O-O-O Qxf3 16. Bxf3 Be6 17. Rge1 Kd7 18. Be3 Bd6 19. Bxd5 Bxd5 20. Rxd5
Kc6 21. Red1 Rad8 22. c4 b6 23. b4 Be7 24. b5+ Kc7 25. Bf4+ Kc8 26. a4 Rxd5 27.
Rxd5 g6 28. Kd1 h5 29. gxh5 gxh5 30. Ke2 h4 31. Rf5 f6 32. Bh2 h3 33. Rf3 Rh4
34. Rc3 Kd7 35. Kf1 Bc5 36. Kg1 Ke6 37. Bg3 h2+ 38. Kh1 Rh3 39. Rc1 Bd6 40.
Re1+ Be5 41. a5 Kd6 42. Rd1+ Kc5 43. Bxe5 fxe5 44. Rd7 Kxc4 45. Rxa7 Kxb5 46.
axb6 Kxb6 47. Rg7 Kc5 48. Rg2 Kd4 49. Rxh2 Rf3 50. Kg2 e4 51. Rh8 Kd3 52. Ra8
Rf7 53. Ra3+ Kd4 54. Ra4+ 1/2-1/2

[Event "43. Olimpiada Batumi 2018 Femenina"]
[Site "Batumi GEO"]
[Date "2018.10.03"]
[Round "9.2"]
[White "Garcia Martin, Marta"]
[Black "Efroimski, Marsel"]
[Result "1/2-1/2"]
[WhiteElo "2329"]
[BlackElo "2313"]
[PlyCount "143"]
[EventDate "2018.09.24"]
[EventType "team-swiss"]
[EventRounds "11"]
[EventCountry "GEO"]
[SourceTitle "Ajedrez en Madrid"]
[Source "lmi"]
[SourceDate "2018.09.24"]
[WhiteTeam "Spain"]
[BlackTeam "Israel"]
[WhiteTeamCountry "ESP"]
[BlackTeamCountry "ISR"]

1. e4 e6 2. d4 d5 3. Nd2 c5 4. exd5 Qxd5 5. Ngf3 cxd4 6. Bc4 Qd6 7. O-O Nf6 8.
Nb3 Nc6 9. Nbxd4 Nxd4 10. Nxd4 Be7 11. c3 O-O 12. Qf3 Qc7 13. Bb3 Bd7 14. Bg5
a5 15. a4 Qb6 16. Rfe1 Bc6 17. Qh3 Nd5 18. Bc2 g6 19. Bxe7 Nxe7 20. Rab1 Rad8
21. Qh4 Qc5 22. Re3 Rd5 23. Qf6 Rh5 24. Rg3 Nd5 25. Qf3 Ne7 26. Qg4 Rd5 27. Re1
e5 28. Nf3 Bd7 29. Qh4 Nf5 30. Bxf5 Bxf5 31. Qh6 Qe7 32. h4 Rfd8 33. Nd4 Be6
34. Nf3 Rd1 35. Rxd1 Rxd1+ 36. Kh2 Bf5 37. Qe3 e4 38. h5 Qd8 39. Ng5 h6 40. Nh3
Kg7 41. hxg6 fxg6 42. Qf4 Qd6 43. Re3 Qxf4+ 44. Nxf4 Rb1 45. Re2 Ra1 46. g4
Bxg4 47. Rxe4 Bf3 48. Re3 Bc6 49. b3 Rh1+ 50. Kg3 Rg1+ 51. Kh2 Rh1+ 52. Kg3
Rg1+ 53. Kh2 Rh1+ 54. Kg3 Rg1+ 55. Kh2 Rg4 56. Nd3 Re4 57. Rxe4 Bxe4 58. Nc5
Bc6 59. b4 axb4 60. cxb4 Kf6 61. a5 Ke5 62. Kg3 Kd5 63. a6 b6 64. Nd3 Kd4 65.
Nf4 Kc4 66. a7 Kxb4 67. Nxg6 Ka5 68. Ne5 Bd5 69. Nc4+ Ka6 70. Nxb6 Kxb6 71. Kh4
Kxa7 72. Kh5 1/2-1/2

[Event "43. Olimpiada Batumi 2018 Femenina"]
[Site "Batumi GEO"]
[Date "2018.10.03"]
[Round "9.3"]
[White "Klinova, Masha"]
[Black "Matnadze, Ana"]
[Result "0-1"]
[WhiteElo "2288"]
[BlackElo "2362"]
[PlyCount "102"]
[EventDate "2018.09.24"]
[EventType "team-swiss"]
[EventRounds "11"]
[EventCountry "GEO"]
[SourceTitle "Ajedrez en Madrid"]
[Source "lmi"]
[SourceDate "2018.09.24"]
[WhiteTeam "Israel"]
[BlackTeam "Spain"]
[WhiteTeamCountry "ISR"]
[BlackTeamCountry "ESP"]

1. e4 c5 2. Nf3 d6 3. Bb5+ Nd7 4. O-O a6 5. Bxd7+ Bxd7 6. d4 cxd4 7. Qxd4 e5 8.
Qd3 Rc8 9. c4 b5 10. Na3 Qb6 11. Rd1 Nf6 12. Bg5 Ng4 13. Bh4 Be7 14. Rd2 f6 15.
h3 Nh6 16. cxb5 axb5 17. Nc2 Qb7 18. Nb4 Nf7 19. Nd5 Bd8 20. Nh2 Rc4 21. f3 O-O
22. Bf2 Kh8 23. b3 Rc8 24. Ng4 b4 25. Nge3 Bb5 26. Nc4 Ra8 27. Rc2 Bc6 28. Rd1
Rb8 29. Be1 Bxd5 30. Qxd5 Qa6 31. Bf2 Bc7 32. Nxe5 Nxe5 33. Rxc7 Qxa2 34. f4
Ng6 35. g3 Ra8 36. Rdc1 Rae8 37. Qb7 Qd2 38. R1c4 Qd1+ 39. Kg2 Rg8 40. Rxb4 Qe2
41. Qc6 Nxf4+ 42. gxf4 g5 43. Qc2 gxf4+ 44. Kh2 Qf1 45. Bd4 Re5 46. h4 Qe1 47.
Qf2 Qxb4 48. Bxe5 dxe5 49. Qc2 Qe1 50. Rc3 Qg1+ 51. Kh3 Rg3+ 0-1

[Event "43. Olimpiada Batumi 2018 Femenina"]
[Site "Batumi GEO"]
[Date "2018.10.03"]
[Round "9.4"]
[White "Calzetta Ruiz, Monica"]
[Black "Gutmakher, Olga"]
[Result "1/2-1/2"]
[WhiteElo "2235"]
[BlackElo "2258"]
[PlyCount "92"]
[EventDate "2018.09.24"]
[EventType "team-swiss"]
[EventRounds "11"]
[EventCountry "GEO"]
[SourceTitle "Ajedrez en Madrid"]
[Source "lmi"]
[SourceDate "2018.09.24"]
[WhiteTeam "Spain"]
[BlackTeam "Israel"]
[WhiteTeamCountry "ESP"]
[BlackTeamCountry "ISR"]

1. e4 c5 2. Nf3 Nc6 3. d4 cxd4 4. Nxd4 e5 5. Nb5 d6 6. Bc4 Be6 7. Bd5 a6 8.
N5c3 Nf6 9. Bg5 Be7 10. Bxf6 Bxf6 11. Nd2 O-O 12. Nc4 Nd4 13. Ne3 Rb8 14. O-O
b5 15. a3 Qd7 16. Na2 a5 17. c3 Nc6 18. Qd3 Bg5 19. Rad1 Rfd8 20. Nc1 Ne7 21.
Bb3 Ng6 22. Nd5 Kh8 23. Ne2 f5 24. f3 Rf8 25. Ng3 Nf4 26. Qc2 g6 27. Kh1 Qf7
28. Rfe1 Bh4 29. Qd2 Bxg3 30. hxg3 Nh5 31. Qg5 f4 32. gxf4 exf4 33. Kh2 Qg7 34.
Bc2 Rbe8 35. Nb6 h6 36. Qxb5 Qf6 37. Kg1 Qh4 38. Nd7 Rg8 39. Bb3 Ng3 40. Bxe6
Rxe6 41. Rxd6 Re7 42. Red1 Qh1+ 43. Kf2 Qh4 44. Kg1 Qh1+ 45. Kf2 Qh4 46. Kg1
Qh1+ 1/2-1/2

[Event "43. Olimpiada Batumi 2018 Femenina"]
[Site "Batumi GEO"]
[Date "2018.10.03"]
[Round "9.1"]
[White "Unuk, Laura"]
[Black "Zhou, Qiyu"]
[Result "1/2-1/2"]
[WhiteElo "2299"]
[BlackElo "2207"]
[PlyCount "85"]
[EventDate "2018.09.24"]
[EventType "team-swiss"]
[EventRounds "11"]
[EventCountry "GEO"]
[SourceTitle "Ajedrez en Madrid"]
[Source "lmi"]
[SourceDate "2018.09.24"]
[WhiteTeam "Slovenia"]
[BlackTeam "Canada"]
[WhiteTeamCountry "SLO"]
[BlackTeamCountry "CAN"]

1. d4 Nf6 2. c4 e6 3. Nf3 b6 4. g3 Ba6 5. b3 Bb4+ 6. Bd2 Be7 7. Bg2 c6 8. Bc3
d5 9. Ne5 Nfd7 10. Nxd7 Nxd7 11. Nd2 O-O 12. O-O Rb8 13. e4 b5 14. Re1 bxc4 15.
bxc4 dxc4 16. Qa4 Bb5 17. Qc2 Ba3 18. Rab1 Nb6 19. Ba1 Re8 20. Bf1 a5 21. Nxc4
Ba4 22. Qd3 Bb4 23. Re3 Bb5 24. Qc2 Ba4 25. Qc1 Qe7 26. Ne5 Rec8 27. Rf3 f6 28.
Nd3 c5 29. dxc5 Nd7 30. Bd4 e5 31. Nxb4 axb4 32. Qc4+ Kf8 33. Rxb4 exd4 34.
Rxa4 Ne5 35. Qe2 Nxf3+ 36. Qxf3 Qxc5 37. Kg2 Qe5 38. Bc4 Rc5 39. Qd3 Rbc8 40.
Bd5 Rc3 41. Qxd4 Qxd4 42. Rxd4 Ra3 43. Bb3 1/2-1/2

[Event "43. Olimpiada Batumi 2018 Femenina"]
[Site "Batumi GEO"]
[Date "2018.10.03"]
[Round "9.2"]
[White "Ouellet, Maili-Jade"]
[Black "Janzelj, Lara"]
[Result "0-1"]
[WhiteElo "2144"]
[BlackElo "2254"]
[PlyCount "90"]
[EventDate "2018.09.24"]
[EventType "team-swiss"]
[EventRounds "11"]
[EventCountry "GEO"]
[SourceTitle "Ajedrez en Madrid"]
[Source "lmi"]
[SourceDate "2018.09.24"]
[WhiteTeam "Canada"]
[BlackTeam "Slovenia"]
[WhiteTeamCountry "CAN"]
[BlackTeamCountry "SLO"]

1. d4 Nf6 2. c4 Nc6 3. Nf3 e6 4. a3 d6 5. Nc3 g6 6. e4 Bg7 7. h3 O-O 8. Be3 e5
9. d5 Ne7 10. Bd3 Nd7 11. g4 f5 12. gxf5 gxf5 13. exf5 Nxf5 14. Bg5 Qe8 15. Ne4
Nd4 16. Nxd4 exd4 17. Qe2 Ne5 18. O-O-O Nxd3+ 19. Qxd3 Bf5 20. f3 b5 21. Rde1
Qf7 22. Rhg1 Bg6 23. cxb5 Qxd5 24. h4 Kh8 25. Be7 Rf7 26. Rxg6 hxg6 27. Ng5 Rf5
28. f4 Qxb5 29. Qxb5 Rxb5 30. Bd8 Rf5 31. Re8+ Rf8 32. Rxf8+ Bxf8 33. Ne6 c5
34. Kc2 Kg8 35. Kd3 Kf7 36. Ng5+ Ke8 37. Ba5 Be7 38. Nf3 Kd7 39. b4 Bf6 40. Ng5
Re8 41. bxc5 dxc5 42. Bd2 Kc6 43. Kc4 Bxg5 44. hxg5 Re2 45. Kd3 Rf2 0-1

[Event "43. Olimpiada Batumi 2018 Femenina"]
[Site "Batumi GEO"]
[Date "2018.10.03"]
[Round "9.3"]
[White "Krivec, Jana"]
[Black "Demchenko, Svitlana"]
[Result "1/2-1/2"]
[WhiteElo "2185"]
[BlackElo "2134"]
[PlyCount "108"]
[EventDate "2018.09.24"]
[EventType "team-swiss"]
[EventRounds "11"]
[EventCountry "GEO"]
[SourceTitle "Ajedrez en Madrid"]
[Source "lmi"]
[SourceDate "2018.09.24"]
[WhiteTeam "Slovenia"]
[BlackTeam "Canada"]
[WhiteTeamCountry "SLO"]
[BlackTeamCountry "CAN"]

1. e4 g6 2. c4 Bg7 3. Nc3 d6 4. g3 Nc6 5. d3 e5 6. Bg2 Nge7 7. Nge2 Be6 8. Nd5
h6 9. O-O O-O 10. Rb1 Nd4 11. Nxe7+ Qxe7 12. Nxd4 exd4 13. f4 Bd7 14. f5 Kh7
15. Bh3 Be5 16. Qg4 Rad8 17. Qf3 Rg8 18. Bd2 g5 19. Bg4 f6 20. Kg2 Be8 21. Rh1
Kg7 22. h4 Kf8 23. hxg5 hxg5 24. Rh6 Bf7 25. Bh5 Qe8 26. Bxf7 Qxf7 27. Rbh1 Ke7
28. g4 Kd7 29. Qd1 Kc8 30. Qa4 Kb8 31. b4 Rdf8 32. Rh7 Rg7 33. R7h5 Qe8 34.
Qxe8+ Rxe8 35. Rh8 Rge7 36. R1h7 Kc8 37. Rxe8+ Rxe8 38. b5 b6 39. a4 Kb7 40. a5
Kc8 41. a6 Kd8 42. Be1 Rf8 43. Bg3 Bxg3 44. Kxg3 Kc8 45. Kf3 Kd8 46. e5 dxe5
47. c5 Kc8 48. c6 Kb8 49. Ke4 Kc8 50. Rd7 Kb8 51. Kd5 Re8 52. Ke4 Rf8 53. Rh7
Kc8 54. Kd5 Re8 1/2-1/2

[Event "43. Olimpiada Batumi 2018 Femenina"]
[Site "Batumi GEO"]
[Date "2018.10.03"]
[Round "9.4"]
[White "Agbabishvili, Lali"]
[Black "Kaps, Darja"]
[Result "0-1"]
[WhiteElo "2128"]
[BlackElo "2148"]
[PlyCount "122"]
[EventDate "2018.09.24"]
[EventType "team-swiss"]
[EventRounds "11"]
[EventCountry "GEO"]
[SourceTitle "Ajedrez en Madrid"]
[Source "lmi"]
[SourceDate "2018.09.24"]
[WhiteTeam "Canada"]
[BlackTeam "Slovenia"]
[WhiteTeamCountry "CAN"]
[BlackTeamCountry "SLO"]

1. d4 Nf6 2. Nf3 e6 3. Bf4 b6 4. e3 Bb7 5. Bd3 c5 6. c3 d6 7. O-O Be7 8. Nbd2
Nh5 9. Bb5+ Nd7 10. dxc5 bxc5 11. Nc4 Nxf4 12. exf4 O-O 13. Nxd6 Bxf3 14. Qxf3
Bxd6 15. Rad1 Nf6 16. Qc6 Ne8 17. c4 Rb8 18. b4 Qc7 19. Qxc7 Bxc7 20. bxc5 Nf6
21. g3 Rfd8 22. Bc6 h5 23. Kg2 Rxd1 24. Rxd1 Rb2 25. a4 Ba5 26. h3 Kh7 27. Bf3
Rc2 28. Rb1 Rxc4 29. Rb7 Rxc5 30. Rxa7 Kg6 31. g4 hxg4 32. hxg4 Bc7 33. Be2 Nd5
34. Bd3+ Kf6 35. g5+ Ke7 36. Be4 Nxf4+ 37. Kf3 Rc3+ 38. Kg4 Nd5 39. Bg2 f5+ 40.
gxf6+ gxf6 41. a5 Rc4+ 42. Kf3 Ra4 43. a6 Kd6 44. Bf1 Rf4+ 45. Kg3 Bb6 46. Rh7
Bxf2+ 47. Kh3 Ra4 48. Bb5 Ra1 49. Kg2 Bd4 50. Kf3 Ke5 51. Bc4 Ra3+ 52. Ke2 f5
53. Rb7 f4 54. Rf7 Ra1 55. Kf3 Be3 56. Rb7 Ra4 57. Bd3 Ra3 58. Bc4 Bc5+ 59. Ke2
f3+ 60. Kd2 Be3+ 61. Kd1 Rc3 0-1

[Event "43. Olimpiada Batumi 2018 Femenina"]
[Site "Batumi GEO"]
[Date "2018.10.03"]
[Round "9.1"]
[White "Worek, Joanna"]
[Black "Tan, Li Ting"]
[Result "1-0"]
[WhiteElo "2295"]
[BlackElo "2054"]
[PlyCount "79"]
[EventDate "2018.09.24"]
[EventType "team-swiss"]
[EventRounds "11"]
[EventCountry "GEO"]
[SourceTitle "Ajedrez en Madrid"]
[Source "lmi"]
[SourceDate "2018.09.24"]
[WhiteTeam "Czech Republic"]
[BlackTeam "Malaysia"]
[WhiteTeamCountry "CZE"]
[BlackTeamCountry "MAS"]

1. e4 e5 2. Nf3 Nc6 3. Bc4 Nf6 4. d4 exd4 5. e5 d5 6. Bb5 Ne4 7. Nxd4 Bd7 8.
Bxc6 bxc6 9. O-O Bc5 10. f3 Ng5 11. Be3 Bb6 12. f4 Ne4 13. Qf3 Qh4 14. h3 Qg3
15. c3 c5 16. Ne2 Qh4 17. a4 c4 18. a5 Bxe3+ 19. Qxe3 Qe7 20. Nd2 f5 21. Nxe4
fxe4 22. Qd4 c6 23. f5 Rf8 24. e6 Bc8 25. Qe5 a6 26. Ra4 g6 27. Nd4 gxf5 28.
Nxf5 Rxf5 29. Rxf5 Bxe6 30. Qh8+ Kd7 31. Qxa8 Bxf5 32. Rb4 Qg5 33. Rb7+ Ke6 34.
Qc8+ Ke5 35. Qc7+ Kf6 36. Qe7+ Kg6 37. Qxh7+ Kf6 38. Qe7+ Kg6 39. Qe8+ Kh6 40.
Qh8+ 1-0